Fr. Conceicao Rodrigues College of Engineering

Python 3 object oriented programming (Record no. 18492)

MARC details
000 -LEADER
fixed length control field 00292nam a2200145Ia 4500
082 ## - DEWEY DECIMAL CLASSIFICATION NUMBER
Item number PHI
100 ## - MAIN ENTRY--PERSONAL NAME
Personal name Phillips/Dusty
245 ## - TITLE STATEMENT
Title Python 3 object oriented programming
260 ## - PUBLICATION, DISTRIBUTION, ETC.
Name of publisher, distributor, etc. PACKT
Date of publication, distribution, etc. 2018
300 ## - PHYSICAL DESCRIPTION
Extent 452
546 ## - LANGUAGE NOTE
Language note ENGLISH
650 ## - SUBJECT ADDED ENTRY--TOPICAL TERM
Topical term or geographic name entry element Python
942 ## - ADDED ENTRY ELEMENTS (KOHA)
Koha item type Reference Book
Holdings
Withdrawn status Lost status Damaged status Not for loan Collection Home library Current library Date acquired Source of acquisition Cost, normal purchase price Inventory number Total Checkouts Full call number Barcode Date last seen Cost, replacement price Price effective from Koha item type
        CRC Fr. Agnel's C.Rodrigues College of Engineering Fr. Agnel's C.Rodrigues College of Engineering 17/03/2023 Allied Publishers 2799.00 00112 dt 22/03/2022   PHI 25851 17/03/2023 2799.00   Reference Book